Dve pravdy jedného prípadu Prísny bič na falšovateľov i ľahostajných pokladníkov

Postup pri prijímaní zákonných peňazí a nakladaní s nimi ustanovuje vyhláška č.147/1992. Falšovanie bankoviek ako trestná činnosť. Zadržané falzifikáty cudzích mien.

Salvato in:
Dettagli Bibliografici
Autore principale: Seifertová, Iveta
Natura: Capitolo di libro
Lingua:slovacco
Soggetti:
Tags: Aggiungi Tag
Nessun Tag, puoi essere il primo ad aggiungerne!!

MARC

LEADER 00000naa a2200000 4500
001 r018248
005 20221205102631.6
041 0 |a slo 
044 |a SK 
245 1 0 |a Dve pravdy jedného prípadu  |b Prísny bič na falšovateľov i ľahostajných pokladníkov  |c I. Seifertová 
520 |a Postup pri prijímaní zákonných peňazí a nakladaní s nimi ustanovuje vyhláška č.147/1992. Falšovanie bankoviek ako trestná činnosť. Zadržané falzifikáty cudzích mien. 
610 2 0 |a falzifikáty 
610 2 0 |a peniaze 
610 2 0 |a mena 
610 2 0 |a banky 
610 2 0 |a Slovensko 
610 2 0 |a vyhlášky 
610 2 0 |a 1992 
100 1 |a Seifertová, Iveta